00543nam a2200157 a 450000100100000000500170001000800410002702000150006804000250008308200150010810000190012324500880014226000460023030000210027653400880029700003445120200930073716.0111004s1997 xxu 000 0 spa d a0884195155 aDO-SdBNPbspacBNPHU axxxbL459e1 aLechner, Cathy10aEstoy tratando de sentarme a sus pies, pero..., ¿quién cocina? /cCathy Lechner. aEstados Unidos :bCasa creación,c1997. a167 p. :b22 cm. pTítulo original :tI'm trying to sit at his feet, but who's going to cook dinner?